Role cestovního ruchu v euroregionu "Praděd"

Dôsledky cestovania na situáciu v regiónoch. Úloha euroregiónu "Preděd" na vytváranie trhu práce.

Saved in:
Bibliographic Details
Main Author: Róg, Jan
Format: Book Chapter
Language:Czech
Subjects:
Tags: Add Tag
No Tags, Be the first to tag this record!

MARC

LEADER 00000naa$a2200000$$$4500
001 0041080
005 20231107105900.7
041 0 |a cze 
044 |a CZ 
245 1 0 |a Role cestovního ruchu v euroregionu "Praděd"  |c Jan Róg 
520 |a Dôsledky cestovania na situáciu v regiónoch. Úloha euroregiónu "Preděd" na vytváranie trhu práce. 
610 2 0 |a ruch cestovný 
610 2 0 |a politika ruchu cestovného 
610 2 0 |a spolupráca cezhraničná 
610 2 0 |a euroregióny 
610 2 0 |a trh práce 
610 2 0 |a turistika 
610 2 0 |a Česko 
610 2 0 |a Poľsko 
100 1 |a Róg, Jan